000 00596nam a2200181Ia 4500
008 100920s9999 xx 000 0 und d
082 _b26243
_a--- थ 72
100 _aअनु. कमतनूरकर सरोजिनी./बसु मनोज
245 _aसौभाग्य.
260 _bमनोरंजन प्रकाशन ,मुंबई 7.
_c1972
300 _a154
_bसाधी
365 _b7
520 _aकादंबरी.
630 _aसौभाग्य.
650 _aकादंबरी.
730 _aसौभाग्य.
942 _cBOOK
999 _c683667
_d683664